Southville International School and Colleges
Your cart is empty.
  • Cart
  • Lists
    Public lists Eva Luna New books Lux_list list_1
    Your lists Log in to create your own lists
  • Log in to your account
  • Your cookies
  • Search history
Southville International School and Colleges
  • Advanced search
  • Recent comments
  • Most popular
  • Libraries

Log in to your account

Log in with GOOGLE


If you do not have an external account, but do have a local account, you can still log in:

  1. Home
  2. MARC view: Stress management manual :
Normal view MARC view ISBD view

Stress management manual : (Record no. 363354)

[ view plain ]
MARC details
000 -LEADER
fixed length control field 00690nam a2200241Ia 4500
008 - FIXED-LENGTH DATA ELEMENTS--GENERAL INFORMATION
fixed length control field 200601s9999 xx 000 0 und d
020 ## - INTERNATIONAL STANDARD BOOK NUMBER
International Standard Book Number 971-08-2842-8
050 ## - LIBRARY OF CONGRESS CALL NUMBER
Classification number REF HF 5548.85
050 ## - LIBRARY OF CONGRESS CALL NUMBER
Item number .C44 1985
100 ## - MAIN ENTRY--PERSONAL NAME
Personal name Chebat, Maraya De Jesus.
245 #0 - TITLE STATEMENT
Title Stress management manual :
245 #2 - TITLE STATEMENT
Remainder of title a handbook for executives /
245 #0 - TITLE STATEMENT
Statement of responsibility, etc Maraya A. Chebat ; edited by Mai Deguilmo-Collantes
260 ## - PUBLICATION, DISTRIBUTION, ETC. (IMPRINT)
Place of publication, distribution, etc Mandaluyong City :
260 ## - PUBLICATION, DISTRIBUTION, ETC. (IMPRINT)
Name of publisher, distributor, etc National Bookstore.
260 ## - PUBLICATION, DISTRIBUTION, ETC. (IMPRINT)
Date of publication, distribution, etc 1985
300 ## - PHYSICAL DESCRIPTION
Extent 172 pages :
300 ## - PHYSICAL DESCRIPTION
Other physical details illustrations ;
300 ## - PHYSICAL DESCRIPTION
Dimensions 19 cm.
500 ## - GENERAL NOTE
General note Includes bibliographical reference.
650 ## - SUBJECT ADDED ENTRY--TOPICAL TERM
Topical term or geographic name as entry element Executives -- Job stress.
650 ## - SUBJECT ADDED ENTRY--TOPICAL TERM
General subdivision Job stress.
Holdings
Withdrawn status Lost status Damaged status Home library Current library Shelving location Date acquired Total Checkouts Full call number Barcode Date last seen Price effective from Koha item type
      South Mansfield College South Mansfield College Reference Section 06/01/2020   REF HF 5548.85 .C44 1985 SMC01591 06/01/2020 06/01/2020 Books

Stress management manual :

APA

Chebat M. D. J., .Stress management manual. Mandaluyong City: .

Chicago

Chebat Maraya De Jesus, .Stress management manual. Mandaluyong City: .

Harvard

Chebat M. D. J., .Stress management manual. Mandaluyong City: .

MLA

Chebat Maraya De Jesus, .Mandaluyong City: . .

  • Place hold
  • Print
  • Cite
  • Add to your cart (remove)
  • Save record
    BIBTEX Dublin Core MARCXML MARC (non-Unicode/MARC-8) MARC (Unicode/UTF-8) MARC (Unicode/UTF-8, Standard) MODS (XML) RIS
  • More searches
    Search for this title in:
    Other Libraries (WorldCat) Other Databases (Google Scholar) Online Stores (Bookfinder.com) Open Library (openlibrary.org)

Exporting to Dublin Core...

SOUTHVILLE LIBRARY

Southville International School and Colleges Library

1281 Tropical Ave. Cor. Luxembourg St., BF Homes International, Las Pinas City

Tel. No. 8256374 / 252358 Loc. 117/146

Powered by Koha